000 00526nam a2200169 4500
001 122874
003 ES-MaACL
005 20230906192046.0
007 t|
008 070214s1933 it r ||||0| ita d
110 2 _aSocieta Italiana per il Progresso delle Scienze.
_9134933
245 1 0 _aProgramma definitivo XXII reunione.
260 _aBari :
_bGius, Laterza & Figli,
_c1933.
300 _a53 p ;
_c28 cm.
500 _aPrecede al tít.: Societa italiana per il progresso delle scienze.
852 _aES-MaACL
_j1769-F-11
999 _c122874
_d122874